000 01120nam a22002777a 4500
999 _c7472
_d7472
003 AR-CdUCM
008 190320b ||||| |||| 00| 0 spa d
040 _aMUNICIPALIDAD PROVINCIAL DEL CUSCO
_cBIBLIOTECA MUNICIPAL DEL CUSCO
041 _heng
082 _a630.8 /
_bR38
110 _aServicio de conservación de suelos departamento de Agricultura de los Estados Unidos de América.
_921034
245 _aRelación entre suelo-planta-agua /
260 _a México D. F. :
_bDiana,
_c1972.
300 _a99 páginas ;
_bilustraciones. figuras, tablas,
_c23 cm.
440 _aColección Ingeniería de suelos.
_n1
_921073
500 _aManual de Ingeniería de suelos, colección 15: Riego.
505 _aContenido: Suelos -- Agua de suelos -- Captación de agua -- Plantas -- Uso consuntivo -- Niveles de humedad para el riego ...
650 _aSuelos
_919092
650 _aRiego
_921019
650 _aHumedad
_921074
650 _aCultivo
_919546
700 _aÁvila de la Torre, Emilio (traductor)
_921037
710 _aCentro Regional de Ayuda Técnica AID.
_921038
942 _2ddc
_cLIBROS
945 _aachl